000 00261nam a2200109Ia 4500
008 231212s1967 xx 000 0 und d
041 _aeng
082 _a621.3811
100 _aMileat Harry
245 _aElectronic Vol. I I
260 _aNew Delhi
_bMcGrowh
_c1967
999 _c959213
_d959213